| 000 | 00585cam a2200181 4500 | ||
|---|---|---|---|
| 020 | _a0538017503 | ||
| 082 | 0 | 0 |
_a658.1552 _bMAT |
| 100 | 1 |
_aMatz, Adolph, _944624 |
|
| 245 | 0 | 0 |
_aCost accounting; planning and control _c[by] Adolph Matz [and] Othel J. Curry. Consulting editor: Milton F. Usry. |
| 250 | _a5th ed. | ||
| 260 |
_aCincinnati, _bSouth-western Pub. Co. _c[1972] |
||
| 300 |
_axii, 863 p. _billus. _c24 cm. |
||
| 526 |
_a0 _b0 _c0 _d658_155200000000000_MAT |
||
| 650 | 0 |
_aCost accounting. _944625 |
|
| 650 | 0 |
_aMCE _9379 |
|
| 700 | 1 |
_aCurry, Othel J. _944626 |
|
| 942 |
_2ddc _cBK |
||
| 999 |
_c548363 _d548363 |
||